| 000 | 00370nam a22001457a 4500 | ||
|---|---|---|---|
| 003 | OSt | ||
| 005 | 20240420130203.0 | ||
| 008 | 240420b |||||||| |||| 00| 0 eng d | ||
| 040 | _cIIMT UNIVERSITY | ||
| 100 | _aPANDEY, RAVI PRAKASH | ||
| 245 | _aALAUKIK YATHARTH | ||
| 260 |
_aNAINITAL _bSRI KAINCHI HANUMAN MANDIR TATHA TRUST _c2024 |
||
| 300 | _a446 | ||
| 942 |
_2ddc _c09 |
||
| 999 |
_c58733 _d58733 |
||